VII Simposium sobre molienda
Saved in:
| Institution som forfatter: | |
|---|---|
| Format: | Bog |
| Sprog: | spansk |
| Udgivet: |
Viña del Mar
Moly Cop
1993
|
| Fag: | |
| Tags: |
Tilføj Tag
Ingen Tags, Vær først til at tagge denne postø!
|
MARC
| LEADER | 00000nam a2200000 a 4500 | ||
|---|---|---|---|
| 001 | UCU9136 | ||
| 003 | CL-VaPUC | ||
| 005 | 20230104131025.0 | ||
| 008 | 960809e19930000cl 1 spa d | ||
| 082 | 0 | 4 | |a 671.3 |b GRU |2 21 |
| 110 | 2 | |a Grupo GS Technologies |e author |9 617943 | |
| 245 | 1 | 0 | |a VII Simposium sobre molienda |
| 260 | |a Viña del Mar |b Moly Cop |c 1993 | ||
| 300 | |a 320 p | ||
| 583 | |a last modification |c 20180312 12:10:04 |k Rodrigo Vera | ||
| 650 | 0 | 0 | |a Minería |9 326008 |
| 650 | 0 | 7 | |a INDUSTRIAS EXTRACTIVAS |2 CL-VaPUC |9 340303 |
| 650 | 0 | 0 | |a Embalses |9 372823 |
| 650 | 0 | 7 | |a MOLINOS |2 CL-VaPUC |9 617944 |
| 650 | 0 | 7 | |a EVACUACION Y MANIPULACION DE LAS AGUAS |2 CL-VaPUC |9 360383 |
| 942 | |c BK | ||
| 945 | |a nastorga |d 19960809 00:00:00 | ||
| 546 | |a En Español | ||
| 536 | |a Moly Cop Chile S.A | ||
| 518 | |p Simposium sobre Molienda, 7, Viña del Mar, 1993 | ||
| 999 | |c 382715 |d 382713 | ||